Výpoveď o meste Večnými spoločníkmi Tibora Kováča sú fotoaparát a invalidný vozík

Bibliographic Details
Main Author: Paňáková, Ľudmila (Author)
Format: Article
Language:Slovak
PhysicalDescription:1 foto
Subjects:

MARC

LEADER 00000nab a2200000 a 4500
001 vtls000895781
003 SK-MaSNL
005 20260302175308.0
008 040720e19970917xo 0 slo
035 |a KE4809 
040 |a KEVKJB  |b slo  |c KEVKJB  |e AACR2 
041 0 |a slo 
044 |a xo  |c SK 
080 |a 77  |2 1981 
080 |a 929  |2 1981 
100 1 |a Paňáková, Ľudmila  |4 aut  |9 873309 
245 1 0 |a Výpoveď o meste  |b Večnými spoločníkmi Tibora Kováča sú fotoaparát a invalidný vozík 
300 |b 1 foto 
590 |a Kováč, Tibor  |b fotograf, reportér 
600 1 7 |a Kováč, Tibor,  |d 1937-2019  |2 KEVKJB  |9 208454 
650 0 7 |a fotografia  |2 KEVKJB  |9 1694 
650 0 7 |a profily   |2 KEVKJB  |9 28648 
651 7 |a Košice (Slovensko)  |2 KEVKJB  |9 18694 
651 7 |a KE,  |2 KEVKJB  |9 877256 
651 7 |a KE,  |2 KEVKJB  |9 877256 
655 7 |a periodikum  |2 snkbucl  |9 29553 
773 0 8 |t Košický večer  |g Roč. 8  |g Roč. 29, č.179, 17.9.1997, s. 4 
852 |a ZVYKNI  |b KIS3GCP 
999 |c 1406613  |d 1408543